[Event "AUTO-OPEN-1330"]
[Site "http://www.queenalice.com/game.php?id=490550"]
[Date "2008.11.9"]
[Round "1"]
[White "gropillo"]
[Black "Penn"]
[Result "0-1"]
[WhiteElo "1413"]
[BlackElo "1778"]

1. e3 d5 2. c4 c6 3. cxd5 cxd5 4. Bb5+ Nc6 5. Nc3 Nf6 6. Qf3 e5 7. g4 Bxg4 8.
Qg3 Qc7 9. f3 Bh5 10. b3 Bg6 11. a4 a6 12. Be2 Bd6 13. h4 h5 14. Nh3 d4 15. Rg1
dxc3 16. dxc3 O-O-O 17. Ng5 Qa5 18. Bd2 Bc7 19. b4 Qd5 20. Nxf7 Bxf7 21. e4
Qxd2+ 22. Kf2 Bb6+ 23. Kf1 Qe3 24. Re1 Rd2 25. Rg2 Be6 26. Rd1 Rhd8 27. b5 axb5
28. Rxd2 Rxd2 29. Qxg7 Bh3 0-1

[Event "AUTO-OPEN-1417"]
[Site "http://www.queenalice.com/game.php?id=529066"]
[Date "2009.1.25"]
[Round "1"]
[White "danielcostasp"]
[Black "Penn"]
[Result "0-1"]
[WhiteElo "1764"]
[BlackElo "1843"]

1. e4 c5 2. c4 Nc6 3. d3 g6 4. f4 Bg7 5. Nf3 d6 6. Be2 Nf6 7. O-O O-O 8. a3 e5
9. Nc3 a6 10. Ng5 Nd4 11. Be3 Rb8 12. Nd5 Nxd5 13. cxd5 b5 14. Bxd4 exd4 15. Bg4
h6 16. Nh3 Qh4 17. f5 h5 18. Be2 Be5 19. Qd2 g5 20. Qxg5+ Qxg5 21. Nxg5 h4 22.
Rf3 Bf6 23. Nh3 Kg7 24. Nf4 Bg5 25. Raf1 Rh8 26. Nh3 Bf6 27. g3 hxg3 28. Rxg3+
Kf8 29. Kh1 Ke7 30. Nf4 Be5 31. Rg2 Bd7 32. Nh5 Rbg8 33. Rfg1 Rc8 34. Bg4 Bf6
35. Nxf6 Kxf6 36. Bd1 c4 37. dxc4 bxc4 38. Rc2 Ba4 39. Rd2 Bxd1 40. Rgxd1 c3 41.
bxc3 dxc3 42. Rc2 Rh3 43. Re1 Ke5 44. Kg2 Rch8 45. Rh1 Kxe4 46. Kf1 Kxd5 47. Ke1
Kc4 48. Kd1 d5 49. Rg1 Rxh2 50. Rg7 Kd3 51. Rg3+ Kc4 52. Rgxc3+ Kd4 53. Rg3 Rh1+
54. Kd2 R8h2+ 0-1

[Event "AUTO-OPEN-1417"]
[Site "http://www.queenalice.com/game.php?id=529067"]
[Date "2009.1.25"]
[Round "1"]
[White "Penn"]
[Black "danielcostasp"]
[Result "1-0"]
[WhiteElo "1782"]
[BlackElo "1778"]

1. c4 c5 2. Nf3 Nf6 3. Nc3 Nc6 4. e3 d6 5. d4 cxd4 6. exd4 g6 7. Be2 Bg7 8. O-O
O-O 9. Re1 Bg4 10. h3 Bxf3 11. Bxf3 Ne8 12. Bxc6 bxc6 13. Bg5 f5 14. Bxe7 Qb6
15. Bxf8 Kxf8 16. d5 cxd5 17. Qxd5 Qxb2 18. Nb5 Rd8 19. Qe6 Qd2 20. Qe7+ Kg8 21.
Qxd8 Bxa1 22. Rxe8+ Kg7 23. Rg8+ Kh6 24. Qh4# 1-0

[Event "AUTO-OPEN-1417"]
[Site "http://www.queenalice.com/game.php?id=529090"]
[Date "2009.1.25"]
[Round "1"]
[White "Penn"]
[Black "Tigerknight"]
[Result "0-1"]
[WhiteElo "1783"]
[BlackElo "2020"]

1. e4 c5 2. Nf3 Nc6 3. d4 cxd4 4. Nxd4 Nf6 5. Nc3 d6 6. Be2 e6 7. O-O Be7 8. f4
O-O 9. Be3 a6 10. Bf3 Qc7 11. Nce2 e5 12. Nxc6 bxc6 13. f5 Bb7 14. Nc3 Rfd8 15.
Qe1 d5 16. Bf2 d4 17. Na4 c5 18. c4 Bc6 19. b3 Qb7 20. Bh4 Bxa4 21. bxa4 Qc6 22.
Qd1 Rab8 23. Rb1 Rb7 24. Rxb7 Qxb7 25. Qb3 Qxb3 26. axb3 Rb8 27. Bd1 Kf8 28.
Bxf6 Bxf6 29. g4 h6 30. Rf3 a5 31. Kg2 Rd8 32. Bc2 Bg5 33. Bd3 Rb8 34. Bc2 Be3
35. Rf1 Rd8 36. Bd3 Rb8 37. Rb1 Ke7 38. Kf3 Kf6 39. h4 Bd2 40. Ke2 Bb4 41. Rg1
Rg8 42. g5+ hxg5 43. hxg5+ Ke7 44. Rh1 Bc3 45. Rh7 Bb4 46. Kf3 Bd2 47. Kg4 f6
48. g6 Bh6 0-1

[Event "AUTO-OPEN-1417"]
[Site "http://www.queenalice.com/game.php?id=529091"]
[Date "2009.1.25"]
[Round "1"]
[White "Tigerknight"]
[Black "Penn"]
[Result "1-0"]
[WhiteElo "2052"]
[BlackElo "1851"]

1. e4 e5 2. Nf3 Nc6 3. d4 d6 4. dxe5 dxe5 5. Qxd8+ Kxd8 6. Bc4 f6 7. a3 Bg4 8.
O-O Bxf3 9. gxf3 Nd4 10. Rd1 Kc8 11. Kg2 Bd6 12. Bd3 Ne7 13. c3 Ne6 14. b4 a6
15. Be3 g5 16. Bc4 Ng7 17. Bb3 Ng6 18. c4 Nh4+ 19. Kh3 Nxf3 20. c5 Be7 21. Nc3
c6 22. Rd3 Kc7 23. Rad1 Rad8 24. Ne2 h5 25. Kg3 h4+ 26. Kxf3 Nh5 27. Rxd8 Rxd8
28. Rxd8 Kxd8 29. Kg4 Ng7 30. Ng1 Kd7 31. Nf3 Bd8 32. Nxg5 fxg5 33. Bxg5 Bxg5
34. Kxg5 h3 35. Kf6 Ne8+ 36. Kxe5 Nc7 37. Kf4 Nb5 38. a4 Nd4 39. Bc4 Nc2 40. b5
Na3 41. bxc6+ Kxc6 42. Bd5+ Kxc5 43. Bxb7 Nb1 44. Bxa6 Kd4 45. Bb7 Nc3 46. a5
1-0

[Event "AUTO-OPEN-1417"]
[Site "http://www.queenalice.com/game.php?id=529092"]
[Date "2009.1.25"]
[Round "1"]
[White "Penn"]
[Black "jpzenitram"]
[Result "1-0"]
[WhiteElo "1809"]
[BlackElo "1897"]

1. c4 d6 2. Nc3 Nf6 3. Nf3 g6 4. d4 Bg7 5. e4 c6 6. Bd3 O-O 7. O-O c5 8. d5 Na6
9. a3 b6 10. h3 Nd7 11. Rb1 Bb7 12. Bg5 Qc8 13. Bxe7 Re8 14. Bxd6 Ne5 15. Bxe5
Bxe5 16. Nxe5 Rxe5 17. f4 Re8 18. e5 Nc7 19. Qe1 f5 20. e6 Qd8 21. Qe5 Bc8 22.
b4 Nxe6 23. dxe6 Qxd3 24. Nb5 Qxc4 25. Nc7 Qd4+ 26. Qxd4 cxd4 27. Nxe8 Bxe6 28.
Nc7 Rc8 29. Nxe6 1-0

[Event "AUTO-OPEN-1417"]
[Site "http://www.queenalice.com/game.php?id=529093"]
[Date "2009.1.25"]
[Round "1"]
[White "jpzenitram"]
[Black "Penn"]
[Result "0-1"]
[WhiteElo "1970"]
[BlackElo "1829"]

1. e4 c5 2. Nc3 Nc6 3. Nf3 d6 4. Bc4 Nf6 5. O-O e5 6. d3 Be7 7. Ng5 O-O 8. Nxf7
Rxf7 9. Bxf7+ Kxf7 10. Nd5 Bg4 11. f3 Bh5 12. Nxf6 Bxf6 13. Be3 Qb6 14. b3 Nd4
15. Bxd4 cxd4 16. Qd2 Rc8 17. Rac1 Rc3 18. f4 Qd8 19. g3 Bg4 20. fxe5 dxe5 21.
Qg5 Be6 22. Qxe5 Ke7 23. Qh5 Qc7 24. Qe2 Bg5 25. Rce1 Rxc2 26. Qh5 h6 27. Ra1
Qe5 28. Qf3 Bf6 29. Rfc1 Rb2 30. Re1 Kf8 31. Re2 Rxe2 32. Qxe2 Qc5 33. Qd1 Bg5
34. h4 Be3+ 35. Kg2 Qf5 36. g4 Qf2+ 37. Kh3 Bf4 38. Qg1 Qf3+ 0-1

[Event "AUTO-ADV-1326"]
[Site "http://www.queenalice.com/game.php?id=587372"]
[Date "2009.5.12"]
[Round "1"]
[White "feripe"]
[Black "Penn"]
[Result "1-0"]
[WhiteElo "1836"]
[BlackElo "1812"]

1. d4 Nf6 2. c4 e6 3. Nf3 d5 4. e3 Bb4+ 5. Nc3 O-O 6. Bd3 dxc4 7. Bxc4 c5 8. Qb3
a6 9. a3 Bxc3+ 10. bxc3 Qa5 11. Bd2 b5 12. Be2 c4 13. Qb1 1-0

[Event "AUTO-ADV-1326"]
[Site "http://www.queenalice.com/game.php?id=587373"]
[Date "2009.5.12"]
[Round "1"]
[White "Penn"]
[Black "feripe"]
[Result "0-1"]
[WhiteElo "1797"]
[BlackElo "1851"]

1. e4 e6 2. f4 Qh4+ 3. g3 Qd8 4. d4 d5 5. e5 c5 6. Nf3 Nc6 7. c3 f5 8. Na3 cxd4
9. cxd4 Qb6 10. Nb5 a6 11. Nc3 Bb4 12. Be3 h6 0-1

[Event "AUTO-ADV-1326"]
[Site "http://www.queenalice.com/game.php?id=587386"]
[Date "2009.5.12"]
[Round "1"]
[White "aldav"]
[Black "Penn"]
[Result "1-0"]
[WhiteElo "1683"]
[BlackElo "1856"]

1. d4 Nf6 2. Nf3 d6 3. Bg5 e6 4. e3 Be7 5. c3 O-O 6. b4 a5 7. Be2 axb4 8. cxb4
h6 9. Bxf6 Bxf6 10. O-O e5 11. dxe5 dxe5 12. Nc3 c6 13. Ne4 Be7 14. a3 1-0

[Event "AUTO-ADV-1326"]
[Site "http://www.queenalice.com/game.php?id=587387"]
[Date "2009.5.12"]
[Round "1"]
[White "Penn"]
[Black "aldav"]
[Result "0-1"]
[WhiteElo "1833"]
[BlackElo "1706"]

1. e4 e5 2. Nf3 d6 3. d4 exd4 4. Qxd4 c5 5. Qc3 Be7 6. e5 dxe5 7. Qxe5 Nf6 8.
Bb5+ Bd7 9. Bd3 O-O 10. O-O Nc6 11. Qg5 h6 12. Qf4 Be6 13. Nc3 Nd5 0-1

[Event "AUTO-ADV-1326"]
[Site "http://www.queenalice.com/game.php?id=587394"]
[Date "2009.5.12"]
[Round "1"]
[White "Andreu"]
[Black "Penn"]
[Result "1-0"]
[WhiteElo "1962"]
[BlackElo "1772"]

1. e4 c5 2. Nf3 d6 3. d4 cxd4 4. Nxd4 Nf6 5. Nc3 a6 6. Be2 Nc6 7. O-O Qa5 8. Nf3
b5 9. Bd2 b4 10. Nb1 Nxe4 11. Bf4 g6 12. Nbd2 Nf6 13. Bc4 Bg7 14. Re1 O-O 15. a3
Qf5 16. Be3 d5 17. Bd3 Qd7 18. axb4 Nxb4 19. Ne5 1-0

[Event "AUTO-ADV-1326"]
[Site "http://www.queenalice.com/game.php?id=587395"]
[Date "2009.5.12"]
[Round "1"]
[White "Penn"]
[Black "Andreu"]
[Result "0-1"]
[WhiteElo "1764"]
[BlackElo "1970"]

1. e4 e5 2. Nf3 Nf6 3. Nxe5 d6 4. Nf3 Nxe4 5. Qe2 Qe7 6. d3 Nf6 7. Bg5 Qxe2+ 8.
Bxe2 Be7 9. Nc3 Nc6 10. O-O-O Be6 11. a3 Ng4 12. Rdf1 O-O 13. h3 Nf6 14. d4 d5
15. Bb5 Ne4 16. Bxe7 Nxe7 17. Nxe4 dxe4 18. Ng5 Bd5 0-1